Studium vědeckých informací a knihovnictví v ČSSR

Saved in:
Bibliographic Details
Format: Book
Language:Czech
Published: Praha Ústředí vědeckých, technických a ekonomických informací 1987
Series:Studijní texty 16
Tags: Add Tag
No Tags, Be the first to tag this record!

MARC

LEADER 00000nam a2200000 4500
001 c028236
005 20251204105052.5
041 0 |a cze 
044 |a CZ 
245 1 0 |a Studium vědeckých informací a knihovnictví v ČSSR  |c Milada Ulbrichová a kol. 
264 1 |a Praha  |b Ústředí vědeckých, technických a ekonomických informací  |c 1987 
300 |a 179 s. 
490 1 |a Studijní texty  |v 16 
830 0 |a Studijní texty  |v 16